000 00529nam a22001577a 4500
082 _aBEE-4 ILT
100 _aTahir Iltaf
_993533
245 _aGait Assit:A Wearable Assistant for Parkinson’s Disease Patients
260 _aIslamabad
_bNUST-SEECS
_c2016
300 _a56p.
_b27cm.
_eCD Includes
500 _aSupervisors: Dr. Awais Kamboh, Dr. Anis ur Rehman
700 _aAIP Arslan Nadeem
_993534
700 _aSohaib Muhammad Usmani
_993535
856 _uhttp://10.250.8.41:8080/xmlui/handle/123456789/9248
942 _cPR
_2ddc
999 _c13639
_d13639